[Event "Cheliabinsk Region-ch"]
[Site "Cheliabinsk"]
[Date "2008.03.06"]
[Round "6"]
[White "Kogan, Alexander"]
[Black "Bolbat, Mikhail"]
[Result "1/2-1/2"]
[WhiteElo "2171"]
[BlackElo "2151"]
[PlyCount "115"]
[EventDate "2008.03.01"]
[EventType "swiss"]
[EventRounds "9"]
[EventCountry "RUS"]
[SourceTitle "CBM 123 Extra"]
[Source "ChessBase"]
[SourceDate "2008.05.06"]
[SourceVersion "1"]
[SourceVersionDate "2008.05.06"]
[SourceQuality "1"]

1. e4 d5 2. exd5 Qxd5 3. Nc3 Qa5 4. d4 c6 5. Bc4 Nf6 6. Nge2 Bg4 7. f3 Bf5 8. Bf4 e6 9. Qd2 Bb4 10. a3 Nbd7 11. 0-0 Be7 12. Ng3 Bg6 13. Nge4 0-0 14. Rae1 Qb6 15. Na4 Qd8 16. Ba2 b5 17. Nac3 a5 18. Nxf6+ Nxf6 19. Ne4 Nd5 20. Be5 Qb6 21. Kh1 Rfd8 22. Bg3 c5 23. dxc5 Bxc5 24. Qe2 Ne3 25. Nxc5 Nxf1 26. Bf2 Rd2 27. Qxf1 Rxc2 28. Ne4 Qc6 29. Bd4 Rc8 30. Bb3 Bxe4 31. fxe4 Rc1 32. Bc3 Rxc3 33. bxc3 Qxc3 34. Rb1 b4 35. axb4 axb4 36. h3 g6 37. Qf3 Qe5 38. Rf1 Rc7 39. Qf4 Qxf4 40. Rxf4 Rc3 41. Rf3 Rc1+ 42. Kh2 Re1 43. Bc2 Rc1 44. Rf2 Re1 45. Kg3 b3 46. Bxb3 Rxe4 47. Bc2 Rd4 48. Kf3 Kg7 49. Ke3 Rb4 50. Rf4 Rb2 51. Rc4 Kf6 52. Kf4 Ra2 53. Be4 h6 54. Rc7 Ra4 55. Kf3 Ra3+ 56. Kf2 Ra2+ 57. Kg3 Ra3+ 58. Kf2 1/2-1/2